Call It What You Want lyrics - Statistics

General Stats
  • This quiz has been taken 293 times
    286 since last reset
  • The average score is 347 of 395
Answer Stats
Lyrics % Correct
a
99%
call
99%
Call
99%
I
99%
I,
99%
it
99%
to
98%
you
98%
"You
98%
My
97%
my
97%
want,
97%
want
97%
what
97%
when
97%
but
96%
I'm
96%
me
96%
me,
96%
me?"
96%
the
96%
He
94%
he
94%
like
94%
one
94%
Not
93%
'cause
92%
his
92%
in
92%
So
92%
So,
92%
yeah,
92%
Yeah,
92%
know
91%
baby's
90%
They
90%
they
90%
with
90%
fly
89%
head
89%
it's
89%
than
89%
All
88%
jet
88%
new
88%
Walking
88%
walking
88%
brand
87%
down,
87%
for
87%
knife
87%
Loves
87%
night
87%
ever
86%
gun
86%
neck,
86%
neck
86%
'round
86%
because
85%
brought
85%
fight
85%
he's
85%
over
85%
owns
85%
stream
85%
stream,
85%
are
84%
castle
84%
chain
84%
daydream
84%
calling
83%
months
83%
really
83%
took
83%
alright
82%
better
82%
crumbled
82%
from
82%
initial
82%
knows
82%
scene
82%
was,
82%
wear
82%
whole
82%
doing
81%
heard
81%
liars
81%
crown,
80%
did
80%
fit
80%
right
80%
High
79%
high
79%
Nobody's
79%
up
79%
above
78%
And
78%
away
77%
him
77%
is
77%
just
77%
run
77%
say,
77%
thing
77%
at
76%
can
75%
kings
75%
look
75%
as
74%
don't
74%
keep
74%
taking
73%
warm
73%
fire
72%
jokers
72%
nothing
72%
time,
72%
would
72%
queens
71%
built
70%
lover,
70%
more
70%
need
70%
November,
70%
said,
70%
same
70%
save
70%
swings
70%
drama
69%
dressin'
69%
every
69%
least
69%
make
69%
fade
68%
holdin'
68%
mistakes
68%
never
68%
Which
68%
brother
67%
darkest
67%
recall
67%
late
65%
learn,
65%
storm
65%
bridges
64%
burn
64%
back
63%
breath
63%
flowers
63%
thorns
63%
trust
63%
laughing
62%
under
61%
after
58%
grew
58%
Windows
58%
covers,
57%
Slowly,
57%
making
56%
forts
52%
boarded
50%
eyes
49%
Starry
49%
Yes
44%
sparkin'
42%
No matching quizzes found
Score Distribution
Percent of People with Each Score
Percentile by Number Answered
Your Score History
You have not taken this quiz since the last reset